F1 2026 Locations - Statistics

General Stats
  • This quiz has been taken 41 times
  • The average score is 33 of 72
Answer Stats
Hint Track City Country % Correct
Australia
93%
Melbourne
89%
China
82%
Abu Dhabi
79%
Bahrain
79%
Japan
79%
Italy
75%
USA
75%
USA
75%
USA
75%
Belgium
71%
Miami
71%
Monaco
71%
Monaco
71%
Saudi Arabia
71%
Silverstone
71%
Spain
71%
Spain
71%
Barcelona
68%
Great Britain
68%
Las Vegas
68%
Mexico
68%
Mexico City
68%
Monza
68%
Canada
64%
Jeddah
64%
Netherlands
64%
Shanghai
64%
Suzuka
64%
Austria
61%
Brazil
61%
Hungary
61%
Qatar
61%
UAE
61%
Austin
57%
Azerbaijan
54%
Baku
54%
Madrid
54%
Montreal
50%
Budapest
46%
São Paulo
46%
Singapore
43%
Singapore
43%
Zandvoort
39%
13 Hungaroring Budapest Hungary
32%
Lusail
32%
Sakhir
32%
10 Red Bull Ring Spielberg Austria
29%
12 Spa-Francorchamps Stavelot Belgium
29%
Spielberg
25%
19 Circuit of the Americas Austin USA
21%
16 Madring Madrid Spain
21%
24 Yas Marina Circuit Abu Dhabi UAE
21%
11 Silverstone Circuit Silverstone Great Britain
18%
17 Baku City Circuit Baku Azerbaijan
14%
8 Circuit de Monaco Monaco Monaco
14%
20 Autódromo Hermanos Rodríguez Mexico City Mexico
11%
21 Autódromo José Carlos Pace São Paulo Brazil
11%
9 Circuit de Barcelona-Catalunya Barcelona Spain
11%
7 Circuit Gilles Villeneuve Montreal Canada
11%
5 Jeddah Corniche Circuit Jeddah Saudi Arabia
11%
2 Shanghai International Circuit Shanghai China
11%
15 Autodromo Nazionale Monza Monza Italy
7%
4 Bahrain International Circuit Sakhir Bahrain
7%
22 Las Vegas Street Circuit Las Vegas USA
7%
18 Marina Bay Street Circuit Singapore Singapore
7%
6 Miami International Autodrome Miami USA
7%
3 Suzuka Circuit Suzuka Japan
7%
14 MASCOT Circuit Zandvoort Zandvoort Netherlands
4%
Stavelot
4%
23 Losail Circuit Lusail Qatar
0%
1 Melbourne Grand Prix Circuit Melbourne Australia
0%
No matching quizzes found
Score Distribution
Percent of People with Each Score
Percentile by Number Answered
Your Score History
You have not taken this quiz